Jubilejní ročenka ke 125. výročí založení gymnázia v Brně.

Uložené v:
Podrobná bibliografia
Médium: Kniha
Jazyk:Czech
Vydané: 1992
Tagy: Pridať tag
Žiadne tagy, Buďte prvý kto otaguje tento záznam!

MARC

LEADER 00000nam a2200000 a 4500
001 000242575
005 00000000000000.0
008 040101s1992 e czeo
041 0 |a cze 
245 0 0 |a Jubilejní ročenka ke 125. výročí založení gymnázia v Brně. 
260 |c 1992 
500 |a Záznam neprešiel kontrolou 
910 |a svkkk 
998 |a BK 
090 |g SCKHL  |k Sklad Pribinova 2. posch.  |a II.349821  |j 850126  |i 242575-10  |s Absenčne